000
00261nam a2200097Ia 4500
008
240321s9999 xx 000 0 und d
082
_a
791.43
_b
BAR
100
_a
Barbas, Samantha
245
0
_a
Movie crazy: fans stars, and the cult of celebrity
260
_b
Palgrave
999
_c
60823
_d
60823